[Event "Ljubljana op 12th"]
[Site "Ljubljana"]
[Date "2001.06.24"]
[Round "2"]
[White "Mikac, Tomaz"]
[Black "Barle, Janez"]
[Result "0-1"]
[WhiteElo "2114"]
[BlackElo "2380"]
[PlyCount "58"]
[EventDate "2001.06.23"]
[EventType "swiss"]
[EventRounds "9"]
[EventCountry "SLO"]
[SourceTitle "EXT 2002"]
[Source "ChessBase"]
[SourceDate "2001.11.25"]
[SourceVersion "1"]
[SourceVersionDate "2001.11.25"]
[SourceQuality "1"]

1. d4 Nc6 2. c3 Nf6 3. Bg5 d5 4. Nd2 h6 5. Bh4 Bf5 6. e3 a6 7. Ngf3 e6 8. a3 Be7 9. c4 0-0 10. b4 Re8 11. Rc1 Ne4 12. Bxe7 Qxe7 13. Be2 Rad8 14. 0-0 e5 15. cxd5 exd4 16. Nxe4 Bxe4 17. dxc6 d3 18. Rc3 dxe2 19. Qxe2 Bxc6 20. Rfc1 Qf6 21. Ne1 Rd5 22. e4 Rde5 23. f3 Bxe4 24. fxe4 Rxe4 25. Qxe4 Rxe4 26. Rxc7 Re2 27. Nf3 Qb2 28. g3 Qxa3 29. R7c3 Qxb4 0-1

[Event "SLO-ch"]
[Site "Kranj"]
[Date "1999.10.04"]
[Round "3"]
[White "Djurkovic, Maks"]
[Black "Mikac, Tomaz"]
[Result "1-0"]
[WhiteElo "2147"]
[BlackElo "2178"]
[PlyCount "127"]
[EventDate "1999.10.02"]
[EventType "swiss"]
[EventRounds "9"]
[EventCountry "SLO"]
[SourceTitle "EXT 2000"]
[Source "ChessBase"]
[SourceDate "1999.11.16"]
[SourceVersion "1"]
[SourceVersionDate "1999.11.16"]
[SourceQuality "1"]

1. d4 d5 2. Nf3 c6 3. c4 e6 4. e3 Bd6 5. Nc3 f5 6. Ne5 Qf6 7. f4 Nh6 8. Bd2 0-0 9. Be2 Kh8 10. Qb3 Qh4+ 11. g3 Qe7 12. c5 Bc7 13. Na4 Nd7 14. Nxd7 Qxd7 15. Qa3 a6 16. Nb6 Bxb6 17. cxb6 Qd8 18. Bb4 Rg8 19. Bc5 Bd7 20. Kd2 Be8 21. h3 Bg6 22. Rac1 Re8 23. Qa5 Ng8 24. Rc3 Nf6 25. Bd3 Bh5 26. Rf1 Qd7 27. Kc1 Kg8 28. Ra3 Kf7 29. Qb4 Red8 30. Qe1 Ke8 31. Qf2 Qf7 32. Rg1 Bg6 33. b4 Kd7 34. Qc2 Bh5 35. Qf2 Ke8 36. Kb2 Qd7 37. Rb3 h6 38. a4 Kf7 39. Rc3 Rg8 40. Rcc1 Bg6 41. Qe2 Bh7 42. Rcf1 Rh8 43. Rg2 Rhg8 44. Qc2 Qd8 45. a5 Qd7 46. Be2 g5 47. Rgg1 Rg7 48. Bd3 Ne4 49. Bxe4 dxe4 50. fxg5 Qd5 51. gxh6 Rg5 52. Qb3 Rag8 53. Qxd5 exd5 54. Bd6 Rh5 55. h4 Rxh6 56. Be5 Ke6 57. b5 axb5 58. a6 Bg6 59. axb7 c5 60. b8Q Rxb8 61. Bxb8 cxd4 62. exd4 Bh5 63. b7 Rh7 64. Bc7 1-0

[Event "SLO-ch"]
[Site "Kranj"]
[Date "1999.10.03"]
[Round "2"]
[White "Mikac, Tomaz"]
[Black "Raspor, Gregor"]
[Result "1/2-1/2"]
[WhiteElo "2178"]
[BlackElo "2225"]
[PlyCount "122"]
[EventDate "1999.10.02"]
[EventType "swiss"]
[EventRounds "9"]
[EventCountry "SLO"]
[SourceTitle "EXT 2000"]
[Source "ChessBase"]
[SourceDate "1999.11.16"]
[SourceVersion "1"]
[SourceVersionDate "1999.11.16"]
[SourceQuality "1"]

1. d4 Nf6 2. c3 e6 3. Bg5 h6 4. Bxf6 Qxf6 5. g3 c5 6. e3 Nc6 7. Bg2 d5 8. Ne2 Bd6 9. Nd2 0-0 10. 0-0 Rd8 11. f4 Qe7 12. Qc2 Rb8 13. Nf3 b5 14. Ne5 Bb7 15. a3 a5 16. Kh1 Rdc8 17. Qd2 b4 18. axb4 axb4 19. Rfc1 Qd8 20. cxb4 cxd4 21. Nxc6 Bxc6 22. Nxd4 Bxb4 23. Qd1 Bb7 24. h3 Qe7 25. Qb3 Bc5 26. Qb5 Ba8 27. Rxa8 Rxb5 28. Rxc8+ Kh7 29. Nxb5 Bxe3 30. R1c2 Qb4 31. Bf1 Qe1 32. Kg2 Bb6 33. R8c3 Qe4+ 34. Kh2 g6 35. Bg2 Qe1 36. Rc1 Qf2 37. R3c2 Qe3 38. Rc3 Qe2 39. Nd6 Kg7 40. Rc6 Bd4 41. Rc7 g5 42. f5 Kf6 43. Rf1 exf5 44. Rxf7+ Ke6 45. Re7+ Kxe7 46. Nxf5+ Kd7 47. Nxd4 Qxb2 48. Rd1 h5 49. Nf5 h4 50. Rxd5+ Ke6 51. gxh4 gxh4 52. Nxh4 Qb8+ 53. Kh1 Qf4 54. Rh5 Qc1+ 55. Kh2 Qf4+ 56. Kg1 Qd4+ 57. Kh2 Qf4+ 58. Kh1 Qc1+ 59. Kh2 Qf4+ 60. Kg1 Qd4+ 61. Kh2 Qf4+ 1/2-1/2

[Event "SLO-ch"]
[Site "Kranj"]
[Date "1999.10.02"]
[Round "1"]
[White "Podkriznik, Gregor"]
[Black "Mikac, Tomaz"]
[Result "1-0"]
[WhiteElo "2306"]
[BlackElo "2178"]
[PlyCount "115"]
[EventDate "1999.10.02"]
[EventType "swiss"]
[EventRounds "9"]
[EventCountry "SLO"]
[SourceTitle "EXT 2000"]
[Source "ChessBase"]
[SourceDate "1999.11.16"]
[SourceVersion "1"]
[SourceVersionDate "1999.11.16"]
[SourceQuality "1"]

1. e4 e5 2. Nf3 d6 3. d4 Qe7 4. Bc4 h6 5. 0-0 c6 6. Re1 Qc7 7. c3 Be7 8. a4 Nf6 9. Nbd2 0-0 10. Bb3 Re8 11. Nf1 Bf8 12. Ng3 g6 13. h3 Bg7 14. Nh2 Nbd7 15. f4 exd4 16. cxd4 Nf8 17. Kh1 Bd7 18. Bd2 Rad8 19. Bc3 Bc8 20. Qf3 Ne6 21. a5 c5 22. e5 Nh7 23. d5 Nd4 24. Bxd4 cxd4 25. e6 f5 26. Ba4 Re7 27. Rec1 Qb8 28. b4 b5 29. axb6 Qxb6 30. Qb3 d3 31. Rab1 Qe3 32. Nhf1 Qxf4 33. Qxd3 Be5 34. Bc6 Qg5 35. Rc4 Qf6 36. b5 h5 37. Nd2 Ng5 38. Rf1 Qg7 39. Nf3 Nxe6 40. Nxf5 gxf5 41. dxe6 Bxe6 42. Rh4 Bf6 43. Rf4 Qg3 44. Qd2 Rf7 45. Nd4 Bxd4 46. Rxd4 d5 47. Bxd5 Bxd5 48. Rxd5 Re8 49. Rd3 Qe5 50. Qg5+ Rg7 51. Qxf5 Qxf5 52. Rxf5 h4 53. Rf4 Rg3 54. Rxg3+ hxg3 55. Rg4+ Kf7 56. Rxg3 Re1+ 57. Kh2 Rb1 58. Ra3 1-0

[Event "Ljubljana op 10th"]
[Site "Ljubljana"]
[Date "1999.06.29"]
[Round "5"]
[White "Mikac, Tomaz"]
[Black "Podvrsnik, Marko"]
[Result "1/2-1/2"]
[WhiteElo "2188"]
[BlackElo "2196"]
[PlyCount "139"]
[EventDate "1999.06.??"]
[EventType "swiss"]
[EventRounds "9"]
[EventCountry "SLO"]
[SourceTitle "EXT 2000"]
[Source "ChessBase"]
[SourceDate "1999.11.16"]
[SourceVersion "1"]
[SourceVersionDate "1999.11.16"]
[SourceQuality "1"]

1. e4 c5 2. c3 d5 3. d3 Nc6 4. Qc2 e5 5. Nf3 Nge7 6. Be2 g6 7. 0-0 Bg7 8. a3 a5 9. a4 0-0 10. exd5 Nxd5 11. Re1 h6 12. Bf1 b6 13. Nbd2 Ba6 14. Nc4 Bxc4 15. dxc4 Nde7 16. g3 f5 17. Bg2 Ra7 18. Nd2 Kh8 19. Nf1 e4 20. f3 exf3 21. Bxf3 Ne5 22. Be2 Qa8 23. Bf4 Rd7 24. Rad1 Rfd8 25. Rxd7 Rxd7 26. Rd1 Qd8 27. Ne3 Rxd1+ 28. Qxd1 Qxd1+ 29. Nxd1 g5 30. Bd2 Kg8 31. Ne3 Kf7 32. Kf2 Ke6 33. Bf1 Bf6 34. b3 h5 35. Ke2 Ng4 36. Nxg4 hxg4 37. h3 gxh3 38. Bxh3 Ke5 39. Bg2 Ng6 40. Bc6 Kd6 41. Be8 Ne5 42. Bh5 Kd7 43. Kf2 Be7 44. Be2 Ke6 45. Kg2 Kf6 46. Kf2 Bd6 47. Kg2 Ng6 48. Bd3 g4 49. Be2 Be5 50. Kf2 Nf8 51. Kg2 Ne6 52. Kf2 Ng5 53. Bxg5+ Kxg5 54. Bd3 Bxc3 55. Kg2 Kf6 56. Bc2 Ke5 57. Bd3 Bd4 58. Bc2 Be3 59. Bb1 f4 60. gxf4+ Bxf4 61. Bc2 Kd4 62. Bd1 g3 63. Bc2 Kc3 64. Bd1 Bd6 65. Kh3 Kd2 66. Bf3 Kc3 67. Bc6 Kxb3 68. Bb5 Kc3 69. Kg2 Kd3 70. Ba6 1/2-1/2

[Event "Nova Gorica op 04th"]
[Site "Nova Gorica"]
[Date "1999.02.04"]
[Round "8"]
[White "Fucak, Emilijo"]
[Black "Mikac, Tomaz"]
[Result "1/2-1/2"]
[WhiteElo "2320"]
[BlackElo "2188"]
[PlyCount "127"]
[EventDate "1999.01.28"]
[EventType "swiss"]
[EventRounds "9"]
[EventCountry "SLO"]
[SourceTitle "CBM 068 Extra"]
[Source "ChessBase"]
[SourceDate "1999.03.01"]
[SourceVersion "1"]
[SourceVersionDate "1999.03.01"]
[SourceQuality "1"]

1. c4 g6 2. g3 Bg7 3. Bg2 d6 4. Nc3 e5 5. Nf3 Nh6 6. 0-0 0-0 7. d4 Nd7 8. dxe5 dxe5 9. Bg5 f6 10. Bxh6 Bxh6 11. Qd5+ Kh8 12. Rad1 Qe7 13. Qa5 Qc5 14. Qxc5 Nxc5 15. Nd2 Bf5 16. b4 Rad8 17. Nde4 Nxe4 18. Bxe4 Bd2 19. Bxf5 Bxc3 20. Be4 c6 21. b5 cxb5 22. cxb5 a6 23. bxa6 bxa6 24. Rc1 Bb4 25. Rc7 f5 26. Bd3 a5 27. f3 Rc8 28. Rfc1 Rxc7 29. Rxc7 Re8 30. g4 fxg4 31. fxg4 Re7 32. Rc4 Kg7 33. Kg2 Rf7 34. h3 Kh6 35. Rc8 Kg5 36. Rh8 Bc3 37. Bc4 Rc7 38. Bb3 Kf4 39. Re8 Ke3 40. Bd1 Bd4 41. Rf8 Kd2 42. Ba4 Kxe2 43. Bb5+ Ke3 44. Rf3+ Ke4 45. a4 Be3 46. Rf6 Bg5 47. Bc6+ Kd4 48. Re6 Bf4 49. h4 Kc5 50. Be4 Kb4 51. Bc6 Kc5 52. Be4 Rd7 53. Kf3 Rf7 54. Kg2 Kd4 55. Bc6 Ke3 56. g5 Rc7 57. Kh3 Rc8 58. Kg4 Rd8 59. h5 gxh5+ 60. Kxh5 Rg8 61. g6 hxg6+ 62. Rxg6 Rh8+ 63. Kg4 Rh6 64. Rxh6 1/2-1/2

[Event "Bled op-B"]
[Site "Bled"]
[Date "1999.??.??"]
[Round "?"]
[White "Mikac, Tomaz"]
[Black "Krivec, Jana"]
[Result "0-1"]
[WhiteElo "2188"]
[BlackElo "2161"]
[PlyCount "90"]
[EventDate "1999.??.??"]
[EventType "swiss"]
[EventRounds "9"]
[EventCountry "SLO"]
[SourceTitle "EXT 2000"]
[Source "ChessBase"]
[SourceDate "1999.11.16"]
[SourceVersion "1"]
[SourceVersionDate "1999.11.16"]
[SourceQuality "1"]

1. e4 e5 2. Nf3 Nc6 3. d3 d6 4. c3 Nf6 5. g3 Bg4 6. Nbd2 Qd7 7. h3 Bh5 8. Qc2 h6 9. Bg2 g5 10. Nc4 Bg6 11. b4 Ng8 12. Ne3 Nge7 13. g4 Nd8 14. h4 gxh4 15. Nxh4 Ne6 16. Nef5 h5 17. Bf3 hxg4 18. Bxg4 Qc6 19. Rg1 Bxf5 20. Nxf5 Nxf5 21. Bxf5 Nd4 22. Qb2 Nf3+ 23. Kf1 Nxg1 24. Kxg1 Bh6 25. Bxh6 Rxh6 26. Qd2 Rf6 27. Qg5 Ke7 28. Rd1 Qxc3 29. Rc1 Rg8 30. Qxg8 Qxc1+ 31. Kg2 Rh6 32. Qc8 Qc6 33. b5 Qxb5 34. Qxc7+ Kf8 35. d4 exd4 36. Qb8+ Qe8 37. Qxa7 Qe5 38. Qxb7 Qf4 39. Qb2 Qg5+ 40. Kf1 Rh1+ 41. Ke2 Qh5+ 42. Kd3 Qd1+ 43. Kc4 Qa4+ 44. Kd5 Qa5+ 45. Kc6 Qc3+ 0-1

[Event "SLO-chT2"]
[Site "Skofja Loka"]
[Date "1998.??.??"]
[Round "?"]
[White "Luzar, Emil"]
[Black "Mikac, Tomaz"]
[Result "0-1"]
[WhiteElo "2240"]
[BlackElo "2195"]
[PlyCount "114"]
[EventDate "1998.11.27"]
[EventType "team"]
[EventRounds "7"]
[EventCountry "SLO"]
[SourceTitle "EXT 2001"]
[Source "ChessBase"]
[SourceDate "2000.11.22"]
[SourceVersion "1"]
[SourceVersionDate "2000.11.22"]
[SourceQuality "1"]

1. e4 d6 2. d4 Nf6 3. Nc3 c6 4. Nf3 Bg4 5. h3 Bh5 6. Bd3 e6 7. Bg5 Be7 8. e5 Nfd7 9. Bxe7 Qxe7 10. exd6 Qxd6 11. Ne4 Qf4 12. Qd2 Qxd2+ 13. Nfxd2 Ke7 14. f4 Bg6 15. 0-0-0 Nf6 16. Rde1 Rd8 17. c3 Nbd7 18. g4 Kf8 19. Rhf1 Bxe4 20. Nxe4 c5 21. f5 exf5 22. Nxf6 Nxf6 23. g5 Nh5 24. Rxf5 cxd4 25. Bc4 f6 26. cxd4 Rxd4 27. Rc5 Rad8 28. b3 b6 29. Rf5 Re8 30. Rxe8+ Kxe8 31. Bg8 g6 32. Rf3 fxg5 33. Rf7 Rd7 34. Rf3 Rg7 35. Bc4 Rc7 36. Kb2 Ke7 37. a4 Kd6 38. Re3 Re7 39. Rf3 h6 40. Ka3 Nf4 41. Kb4 Re5 42. Bf7 Ke7 43. Bc4 Kf6 44. Bb5 Rf5 45. Kc4 h5 46. Bd7 Rc5+ 47. Kb4 Ke5 48. Bb5 Ke4 49. Rg3 Nd5+ 50. Ka3 Ne3 51. b4 Rxb5 52. axb5 Kf4 53. Rg1 g4 54. hxg4 hxg4 55. Kb3 Kf3 56. Kc3 g3 57. Kd4 g2 0-1

[Event "SLO-chT sf"]
[Site "Skofja Loka"]
[Date "1997.??.??"]
[Round "?"]
[White "Mikac, Tomaz"]
[Black "Kecic, Stevan"]
[Result "0-1"]
[WhiteElo "2195"]
[BlackElo "2235"]
[PlyCount "86"]
[EventDate "1997.07.??"]
[EventType "team"]
[EventRounds "7"]
[EventCountry "SLO"]
[SourceTitle "CBM 061 Extra"]
[Source "ChessBase"]
[SourceDate "1998.03.09"]
[SourceVersion "1"]
[SourceVersionDate "1998.03.09"]
[SourceQuality "1"]

1. e4 e6 2. d3 c5 3. Nh3 Nc6 4. f3 g6 5. Nf2 Bg7 6. c3 d5 7. Be2 Nge7 8. Bd2 b6 9. a3 d4 10. c4 a5 11. b3 e5 12. g4 f5 13. Qc1 fxg4 14. fxg4 Qd6 15. a4 h6 16. h4 Be6 17. Na3 0-0-0 18. Qb2 Rdf8 19. Rh2 g5 20. h5 Rf4 21. Bxf4 exf4 22. Bf3 Ne5 23. Qe2 N7c6 24. 0-0-0 Nxf3 25. Qxf3 Ne5 26. Qh3 f3 27. Nb5 Qd7 28. Qg3 Rf8 29. Kc2 Rf4 30. Rf1 Kd8 31. Rhh1 Bxg4 32. Rfg1 Be6 33. Rh2 Bf6 34. Rhh1 Qe7 35. Rh2 Kd7 36. Rhh1 Qf7 37. Rh2 Be7 38. Rhh1 g4 39. Rh2 Bg5 40. Rhh1 Qe7 41. Rh2 Ke8 42. Rhh1 Bc8 43. Rh2 Rf8 0-1

[Event "Ljubljana op 6th"]
[Site "Ljubljana"]
[Date "1995.??.??"]
[Round "9"]
[White "Justin, Matjaz"]
[Black "Mikac, Tomaz"]
[Result "1-0"]
[WhiteElo "2385"]
[BlackElo "2195"]
[PlyCount "123"]
[EventDate "1995.06.??"]
[EventType "swiss"]
[EventRounds "9"]
[EventCountry "SLO"]
[SourceTitle "EXT 1998"]
[Source "ChessBase"]
[SourceDate "1997.11.17"]
[SourceVersion "1"]
[SourceVersionDate "1997.11.17"]
[SourceQuality "1"]

1. e4 d6 2. d4 Nf6 3. Nc3 e5 4. dxe5 dxe5 5. Qxd8+ Kxd8 6. Bg5 Be6 7. 0-0-0+ Kc8 8. f3 Nfd7 9. g3 f6 10. Be3 c6 11. Bh3 Bxh3 12. Nxh3 Kc7 13. f4 Bb4 14. Nb1 Re8 15. f5 Bc5 16. Kd2 Be7 17. g4 h6 18. Nf2 Nb6 19. Ke2 Na6 20. Nd3 Rad8 21. h4 Nc4 22. Bc1 Nd6 23. Kf3 Nf7 24. Be3 Nb4 25. Nxb4 Bxb4 26. Rxd8 Rxd8 27. Rg1 Be7 28. Nc3 b6 29. Ne2 Kd7 30. Ng3 Ke8 31. Nh5 Kf8 32. a4 Rd7 33. a5 bxa5 34. Ra1 Bd8 35. Ng3 Bb6 36. Ne2 Nd6 37. b3 Nb5 38. g5 hxg5 39. hxg5 fxg5 40. Bxg5 Nd4+ 41. Nxd4 Rxd4 42. Be3 Rb4 43. Bd2 Rb5 44. Ra4 Kf7 45. Rc4 c5 46. Ke2 Kf6 47. Ra4 g6 48. fxg6 Kxg6 49. Kd3 Kf6 50. Kc4 a6 51. Ra1 Ke6 52. Rh1 Kd7 53. Rh6 Kc7 54. Bc3 Kb7 55. Bxe5 a4 56. bxa4 Rb4+ 57. Kd5 Rxa4 58. Rh7+ Kc8 59. Bf6 Rb4 60. Kc6 Bd8 61. e5 Bxf6 62. exf6 1-0

[Event "Bled op-B"]
[Site "Bled"]
[Date "1995.??.??"]
[Round "1"]
[White "Kreiser, Ulrich"]
[Black "Mikac, Tomaz"]
[Result "1/2-1/2"]
[WhiteElo "1880"]
[BlackElo "2215"]
[PlyCount "84"]
[EventDate "1995.03.??"]
[EventType "swiss"]
[EventRounds "9"]
[EventCountry "SLO"]
[SourceTitle "EXT 1997"]
[Source "ChessBase"]
[SourceDate "1996.11.15"]
[SourceVersion "1"]
[SourceVersionDate "1996.11.15"]
[SourceQuality "1"]

1. d4 d6 2. e4 Nf6 3. Nc3 Nbd7 4. Nf3 e5 5. Bc4 Be7 6. 0-0 0-0 7. h3 c6 8. dxe5 dxe5 9. a4 Qc7 10. Qe2 Nc5 11. b3 Be6 12. Bb2 Bxc4 13. Qxc4 Nfd7 14. Rad1 Rad8 15. Rfe1 a6 16. Qe2 b5 17. axb5 axb5 18. Ra1 Ne6 19. g3 Rfe8 20. Nd1 Bc5 21. Ne3 Nd4 22. Nxd4 exd4 23. Nf1 f5 24. Qf3 fxe4 25. Rxe4 Rf8 26. Qg4 Nf6 27. Qe6+ Rf7 28. Rf4 Re8 29. Qf5 Nd5 30. Qxf7+ Qxf7 31. Rxf7 Kxf7 32. Rd1 Re2 33. Rd2 Rxd2 34. Nxd2 Nb4 35. c3 dxc3 36. Bxc3 Nd3 37. Ne4 Be7 38. Kf1 g6 39. Nd2 Ke6 40. Ke2 Nb4 41. Ne4 Na6 42. Bd2 Kd5 1/2-1/2

[Event "SLO-chT"]
[Site "Slovenia"]
[Date "1995.??.??"]
[Round "3"]
[White "Mikac, Tomaz"]
[Black "Jelen, Igor"]
[Result "1/2-1/2"]
[WhiteElo "2195"]
[BlackElo "2400"]
[PlyCount "46"]
[EventDate "1995.??.??"]
[EventType "team"]
[EventRounds "7"]
[EventCountry "SLO"]
[SourceTitle "EXT 1998"]
[Source "ChessBase"]
[SourceDate "1997.11.17"]
[SourceVersion "1"]
[SourceVersionDate "1997.11.17"]
[SourceQuality "1"]

1. Nf3 Nf6 2. d4 g6 3. c4 Bg7 4. Nc3 d5 5. e3 0-0 6. a3 b6 7. Be2 Bb7 8. b4 c5 9. bxc5 bxc5 10. Rb1 Ba6 11. cxd5 Bxe2 12. Qxe2 cxd4 13. Nxd4 Nxd5 14. Nxd5 Qxd5 15. Qf3 Qxf3 16. Nxf3 Nc6 17. Ke2 Rab8 18. Bd2 Bb2 19. Bc1 Bf6 20. Bd2 Rb2 21. Rxb2 Bxb2 22. a4 Rb8 23. Rb1 Ba3 1/2-1/2

[Event "Bled op-B"]
[Site "Bled"]
[Date "1995.??.??"]
[Round "4"]
[White "Mikac, Tomaz"]
[Black "Simoncic, Silvo"]
[Result "1-0"]
[WhiteElo "2215"]
[BlackElo "2160"]
[PlyCount "109"]
[EventDate "1995.03.??"]
[EventType "swiss"]
[EventRounds "9"]
[EventCountry "SLO"]
[SourceTitle "EXT 1997"]
[Source "ChessBase"]
[SourceDate "1996.11.15"]
[SourceVersion "1"]
[SourceVersionDate "1996.11.15"]
[SourceQuality "1"]

1. g3 e5 2. Bg2 d5 3. c4 dxc4 4. Qa4+ Bd7 5. Qxc4 Bc6 6. Nf3 Nd7 7. 0-0 Nb6 8. Qc3 Bd6 9. Nxe5 Bxg2 10. Kxg2 Qe7 11. Nf3 Nf6 12. d3 0-0-0 13. Qc2 Nfd5 14. Nc3 h5 15. h4 f6 16. Nxd5 Nxd5 17. a3 g5 18. hxg5 h4 19. gxh4 fxg5 20. Bxg5 Nf4+ 21. Bxf4 Bxf4 22. Rh1 Rh6 23. e4 Qe6 24. Kf1 Rf6 25. Qe2 Qb6 26. Rd1 Rdf8 27. d4 Be3 28. Rd3 Rxf3 29. Rxe3 R3f4 30. Rhh3 Qf6 31. Rh2 Qxd4 32. h5 Qc5 33. h6 Qc1+ 34. Kg2 Qc5 35. h7 Qd4 36. Rhh3 Qf6 37. Ref3 Qg6+ 38. Rfg3 Qf6 39. Rf3 Qg6+ 40. Rfg3 Qf6 41. f3 Qh8 42. Qd2 R4f7 43. Qc3 Rxh7 44. Qxh8 Rfxh8 45. Rxh7 Rxh7 46. Rh3 Re7 47. Kf2 Kd7 48. Ke3 c5 49. f4 Rg7 50. f5 Rg2 51. Rh7+ Kc6 52. f6 Rg1 53. Re7 b5 54. e5 Kd5 55. f7 1-0

[Event "SLO-chT"]
[Site "Slovenia"]
[Date "1995.??.??"]
[Round "2"]
[White "Mikac, Tomaz"]
[Black "Velickovic, Zoran"]
[Result "1/2-1/2"]
[WhiteElo "2195"]
[BlackElo "2300"]
[PlyCount "44"]
[EventDate "1995.??.??"]
[EventType "team"]
[EventRounds "7"]
[EventCountry "SLO"]
[SourceTitle "EXT 1998"]
[Source "ChessBase"]
[SourceDate "1997.11.17"]
[SourceVersion "1"]
[SourceVersionDate "1997.11.17"]
[SourceQuality "1"]

1. Nf3 c5 2. e3 g6 3. d4 Bg7 4. c3 Qc7 5. Nbd2 d5 6. Bd3 Nf6 7. Ne5 0-0 8. 0-0 b6 9. b4 Nfd7 10. f4 cxb4 11. cxb4 Qc3 12. Qb3 Qxa1 13. Nb1 Nxe5 14. fxe5 Bxe5 15. Bb2 Qxb2 16. Qxb2 Bg7 17. Rc1 Bh6 18. Qf2 Be6 19. Nd2 Nd7 20. Ba6 Nf6 21. h3 Bc8 22. Bd3 Bd7 1/2-1/2

[Event "SLO-chT"]
[Site "Slovenia"]
[Date "1994.??.??"]
[Round "?"]
[White "Mikac, Tomaz"]
[Black "Bukic, Enver"]
[Result "1/2-1/2"]
[WhiteElo "2215"]
[BlackElo "2445"]
[PlyCount "46"]
[EventDate "1994.??.??"]
[EventType "team"]
[EventRounds "7"]
[EventCountry "SLO"]
[SourceTitle "EXT 1997"]
[Source "ChessBase"]
[SourceDate "1996.11.15"]
[SourceVersion "1"]
[SourceVersionDate "1996.11.15"]
[SourceQuality "1"]

1. e4 c5 2. b3 Nc6 3. Bb2 d6 4. Bb5 Bd7 5. c4 e5 6. Ne2 Nf6 7. d3 g6 8. 0-0 Bg7 9. h3 0-0 10. f4 exf4 11. Nxf4 Ne5 12. Bxd7 Nfxd7 13. Nc3 Nc6 14. Qd2 Nde5 15. Ncd5 Qh4 16. Qf2 Qxf2+ 17. Rxf2 Rae8 18. Rd1 Ne7 19. Nxe7+ Rxe7 20. Nd5 Re6 21. Nc7 Re7 22. Nd5 Re6 23. Nc7 Re7 1/2-1/2

[Event "SLO-chT"]
[Site "Slovenia"]
[Date "1994.??.??"]
[Round "?"]
[White "Mikac, Tomaz"]
[Black "Vospernik, Andrej"]
[Result "1/2-1/2"]
[WhiteElo "2215"]
[BlackElo "2180"]
[PlyCount "72"]
[EventDate "1994.??.??"]
[EventType "team"]
[EventRounds "7"]
[EventCountry "SLO"]
[SourceTitle "EXT 1998"]
[Source "ChessBase"]
[SourceDate "1997.11.17"]
[SourceVersion "1"]
[SourceVersionDate "1997.11.17"]
[SourceQuality "1"]

1. Nf3 d5 2. d4 Nf6 3. e3 c6 4. Bd3 Bg4 5. Nbd2 e6 6. b3 Bd6 7. Bb2 Nbd7 8. h3 Bh5 9. e4 dxe4 10. Nxe4 Nxe4 11. Bxe4 Nf6 12. Bd3 Nd5 13. g3 Bb4+ 14. Kf1 Nc3 15. Bxc3 Bxc3 16. Rb1 Bxf3 17. Qxf3 Qxd4 18. Kg2 Qf6 19. Qxf6 Bxf6 20. Rhd1 0-0-0 21. Be2 c5 22. Bc4 Kc7 23. Kf3 Kc6 24. Ke2 Rd4 25. Rxd4 cxd4 26. a4 Kc5 27. Re1 Kb4 28. Kd2 Rd8 29. Bd3 a6 30. Rf1 Re8 31. f4 Bd8 32. h4 h6 33. f5 e5 34. Be4 b6 35. Kd3 Be7 36. Rf3 f6 1/2-1/2

[Event "SLO-chT"]
[Site "Slovenia"]
[Date "1993.??.??"]
[Round "?"]
[White "Cigan, Stefan"]
[Black "Mikac, Tomaz"]
[Result "1-0"]
[WhiteElo "2365"]
[BlackElo "2270"]
[PlyCount "73"]
[EventDate "1993.??.??"]
[EventType "team"]
[EventRounds "7"]
[EventCountry "SLO"]
[SourceTitle "TD"]
[Source "ChessBase"]
[SourceDate "1994.03.01"]
[SourceVersion "1"]
[SourceVersionDate "1994.03.01"]
[SourceQuality "1"]

1. e4 g6 2. d4 Bg7 3. Nc3 c6 4. Nf3 d5 5. h3 Nf6 6. Bd3 dxe4 7. Nxe4 Nxe4 8. Bxe4 Nd7 9. 0-0 0-0 10. Re1 Qc7 11. c3 e5 12. dxe5 Nxe5 13. Nd4 c5 14. Nf3 Nd7 15. Qa4 Nf6 16. Bc2 Bd7 17. Qh4 Rfe8 18. Bf4 Qb6 19. Bb3 Be6 20. Be5 Bxb3 21. axb3 Nd7 22. Bxg7 Kxg7 23. Re7 Rxe7 24. Qxe7 Nf6 25. Ne5 Qxb3 26. Rxa7 Rxa7 27. c4 Qb6 28. Qxf7+ Kh6 29. Qf8+ Kg5 30. Nf3+ Kf5 31. Qe7 Ra1+ 32. Kh2 Qxb2 33. g4+ Nxg4+ 34. hxg4+ Kf4 35. Qe3+ Kxg4 36. Qe4+ Kh5 37. Qh4# 1-0

[Event "Ljubljana op 4th"]
[Site "Ljubljana"]
[Date "1993.??.??"]
[Round "?"]
[White "Mikac, Tomaz"]
[Black "Jeras, Stane"]
[Result "1-0"]
[WhiteElo "2270"]
[BlackElo "2130"]
[PlyCount "57"]
[EventDate "1993.06.??"]
[EventType "swiss"]
[EventRounds "9"]
[EventCountry "SLO"]
[SourceTitle "EXT 1997"]
[Source "ChessBase"]
[SourceDate "1996.11.15"]
[SourceVersion "1"]
[SourceVersionDate "1996.11.15"]
[SourceQuality "1"]

1. e4 c5 2. b3 Nc6 3. Bb2 e5 4. Bc4 Nf6 5. Nc3 a6 6. a4 d6 7. Nge2 g6 8. 0-0 Bg7 9. d3 0-0 10. Qd2 Be6 11. f4 d5 12. exd5 Nxd5 13. f5 gxf5 14. Nxd5 Bxd5 15. Bxd5 Qxd5 16. Rxf5 Ne7 17. Ng3 Qe6 18. Rf3 f5 19. Raf1 f4 20. Ne4 c4 21. dxc4 Rad8 22. Rd3 Rxd3 23. Qxd3 Nf5 24. Ba3 Re8 25. Ng5 Qf6 26. Qd5+ Kh8 27. Nf7+ Kg8 28. Nd6+ Re6 29. Ne4 1-0

[Event "Ljubljana op 4th"]
[Site "Ljubljana"]
[Date "1993.??.??"]
[Round "?"]
[White "Mikac, Tomaz"]
[Black "Pavasovic, Dusko"]
[Result "1/2-1/2"]
[WhiteElo "2270"]
[BlackElo "2295"]
[PlyCount "47"]
[EventDate "1993.06.??"]
[EventType "swiss"]
[EventRounds "9"]
[EventCountry "SLO"]
[SourceTitle "EXT 1997"]
[Source "ChessBase"]
[SourceDate "1996.11.15"]
[SourceVersion "1"]
[SourceVersionDate "1996.11.15"]
[SourceQuality "1"]

1. e4 e5 2. Nf3 Nf6 3. d3 Nc6 4. c3 Be7 5. b4 d5 6. Qc2 Bg4 7. Nbd2 a6 8. a3 0-0 9. h3 Be6 10. Be2 Ne8 11. 0-0 f5 12. Re1 Bf6 13. Bb2 Nd6 14. exd5 Bxd5 15. c4 Bf7 16. Bf1 Re8 17. Bc3 e4 18. dxe4 fxe4 19. Nh2 Bg6 20. Qb3 Bxc3 21. Qxc3 Qf6 22. Rac1 Rad8 23. Ng4 Qxc3 24. Rxc3 1/2-1/2

[Event "Ljubljana op 4th"]
[Site "Ljubljana"]
[Date "1993.??.??"]
[Round "?"]
[White "Skok, Joze"]
[Black "Mikac, Tomaz"]
[Result "1/2-1/2"]
[WhiteElo "2150"]
[BlackElo "2270"]
[PlyCount "70"]
[EventDate "1993.06.??"]
[EventType "swiss"]
[EventRounds "9"]
[EventCountry "SLO"]
[SourceTitle "EXT 1997"]
[Source "ChessBase"]
[SourceDate "1996.11.15"]
[SourceVersion "1"]
[SourceVersionDate "1996.11.15"]
[SourceQuality "1"]

1. e4 g6 2. d4 c6 3. Nf3 Bg7 4. a4 d5 5. e5 Nh6 6. Bd3 0-0 7. h3 f6 8. 0-0 Nf7 9. Qe2 fxe5 10. dxe5 e6 11. Bf4 Nd7 12. c4 Nc5 13. Bc2 dxc4 14. Qxc4 b6 15. b4 Ba6 16. b5 cxb5 17. axb5 Bb7 18. Nbd2 a5 19. Rad1 Qe7 20. Ne4 Bd5 21. Qe2 Qc7 22. Bg3 Nxe4 23. Bxe4 Bxe4 24. Qxe4 Rad8 25. Rc1 Qb8 26. Nd4 Rxd4 27. Qxd4 Nxe5 28. Bxe5 Bxe5 29. Qd7 Qd6 30. Qxd6 Bxd6 31. Rc6 Bc5 32. Rxe6 Rf4 33. Ree1 Bb4 34. Re5 Bc5 35. Ree1 Bb4 1/2-1/2